Countries with Multiple Coastlines - Statistics

General Stats
  • This quiz has been taken 99 times
    63 since last reset
  • The average score is 23 of 34
Answer Stats
Number of coastlines Country % Correct
3 France
95%
4 United States
95%
7 Russia
93%
3 Canada
90%
2 Mexico
90%
5 Spain
90%
2 Nicaragua
88%
2 Panama
88%
2 Colombia
86%
2 Costa Rica
86%
2 Guatemala
86%
2 Honduras
83%
2 Indonesia
83%
3 Saudi Arabia
83%
3 Malaysia
79%
2 Turkey
78%
2 Egypt
76%
2 Germany
69%
2 Thailand
66%
3 Morocco
62%
2 Israel
60%
2 Senegal
55%
2 Oman
53%
2 Ukraine
53%
2 North Korea
52%
2 Angola
45%
2 Croatia
45%
2 United Arab Emirates
45%
2 Brunei
40%
2 Netherlands
38%
2 Poland
34%
2 East Timor
31%
2 Belgium
29%
2 Lithuania
29%
No matching quizzes found
Score Distribution
Percent of People with Each Score
Percentile by Number Answered
Your Score History
You have not taken this quiz since the last reset